Central Library OPAC University of Rajshahi

The making of scientific management / (Record no. 75605)

MARC details
000 -LEADER
fixed length control field 01077nam a2200301 a 4500
001 - CONTROL NUMBER
control field 75605
003 - CONTROL NUMBER IDENTIFIER
rucl marc code BD-RjUL
005 - DATE AND TIME OF LATEST TRANSACTION
control field 20211209082721.0
008 - FIXED-LENGTH DATA ELEMENTS--GENERAL INFORMATION
fixed length control field 190430m19451966enkacf 000 0 eng
035 ## - SYSTEM CONTROL NUMBER
System control number (BD-RjUL)75823
System control number (OCoLC)825587
040 ## - CATALOGING SOURCE
Original cataloging agency DLC
Transcribing agency OClU
Modifying agency OCoLC
-- DLC
-- BD-RjUL
Language of cataloging eng
041 ## - LANGUAGE CODE
Language code of text/sound track or separate title eng
042 ## - AUTHENTICATION CODE
Authentication code premarc
082 ## - DEWEY DECIMAL CLASSIFICATION NUMBER
Edition number 23
Classification number 658
Author mark and year URM 1966
100 1# - MAIN ENTRY--PERSONAL NAME
Personal name Urwick, Lyndall F.
Fuller form of name (Lyndall Fownes),
Dates associated with a name 1891-1983.
9 (RLIN) 231397
245 14 - TITLE STATEMENT
Title The making of scientific management /
Statement of responsibility, etc. by L. Urwick and E. F. L. Brech.
260 ## - PUBLICATION, DISTRIBUTION, ETC. (IMPRINT)
Place of publication, distribution, etc. London :
Name of publisher, distributor, etc. Management Publications Trust,
Date of publication, distribution, etc. 1945- [reprinted 1951, 1952, 1955-1966
300 ## - PHYSICAL DESCRIPTION
Pagination v.:
Illustrations ill.;
Size 19 cm.
504 ## - BIBLIOGRAPHY, ETC. NOTE
Bibliography, etc Bibliography at end of most of the chapters.
505 01 - FORMATTED CONTENTS NOTE
Formatted contents note v. 1. Thirteen pioneers --v. 2. Management in British industry --v. 3. The Hawthorne investigations.
650 #0 - SUBJECT ADDED ENTRY--TOPICAL TERM
Topical term or geographic name as entry element Industrial management
9 (RLIN) 231398
Topical term or geographic name as entry element Industries
Geographic subdivision Great Britain
9 (RLIN) 231399
700 1# - ADDED ENTRY--PERSONAL NAME
Personal name Brech, E. F. L.
Fuller form of name (Edward Franz Leopold),
942 ## - ADDED ENTRY ELEMENTS (KOHA)
Source of classification or shelving scheme Dewey Decimal Classification
Koha item type Books
Holdings
Lost status Source of classification or shelving scheme Damaged status Not for loan Collection code Permanent Location Current Location Shelving location Date acquired Source of acquisition Total Checkouts Full call number Date last seen Copy number Koha item type Cost, normal purchase price
  Dewey Decimal Classification     Non-fiction Central Library, University of Rajshahi Central Library, University of Rajshahi   14/11/1958 Colombo Plan   658 URM V-1 1957 30/04/2019 C-2 Books  
  Dewey Decimal Classification   Not For Loan Non-fiction Central Library, University of Rajshahi Central Library, University of Rajshahi Reading Room 08/12/1970 Swets & Zeitlinger   658 URM V-1 1966 30/04/2019 C-1 Books 21.00
  Dewey Decimal Classification   Not For Loan Non-fiction Central Library, University of Rajshahi Central Library, University of Rajshahi Reading Room 14/11/1956 Colombo Plan   658 URM V-2 1957 30/04/2019 C-1 Books  
  Dewey Decimal Classification   Not For Loan Non-fiction Central Library, University of Rajshahi Central Library, University of Rajshahi Reading Room 07/10/1965 Zeitlinger   658 URM V-3 1961 30/04/2019 C-1 Books 25.00
  Dewey Decimal Classification     Non-fiction Central Library, University of Rajshahi Central Library, University of Rajshahi   14/11/1958 Colombo Plan   658 URM V-3 1957 30/04/2019 C-2 Books